Normale Ansicht MARC-Ansicht ISBD

Integration mit Hürden.. (Titelsatznr. 371678)

[ MARC ]
MARC-Details
000 -Satzkennung
Kontrollfeld mit fester Länge 00732nam a22001817a 4500
008 - Feld mit fester Länge zur physischen Beschreibung - Allgemeine Angaben
Kontrollfeld mit fester Länge 201127b ||||| |||| 00| 0 eng d
040 ## - Katalogisierungsquelle
Original-Katalogisierungsstelle DE-2950
Katalogisierungssprache ger
Übertragungsstelle DE-2950
Beschreibungsfestlegungen rda
041 ## - Sprachcode
Sprachcode des Textes/der Tonspur oder des separaten Titels ger
245 ## - Titel
Haupttitel Integration mit Hürden..
Titelzusatz Krieg: Rund 250 Kinder und Jugendliche aus der Ukraine wohnen zur Zeit in Frankfurt. Ihr Schulalltag bewegt sich zwischen Förderung und Regelunterricht/
Verantwortlichkeitsangabe Lisa Mahlke
264 ## - Veröffentlichungsangabe, Vertriebsangabe, Herstellungsangabe
Erscheinungs-, Vertriebs-, Herstellungsdatum 2022
653 ## - Lokales Schlagwort
Nicht-normierter Term Frankfurt (Oder)
653 ## - Lokales Schlagwort
Nicht-normierter Term Ukrainische Flüchtlinge
773 ## - Übergeordnete Einheit
Ort, Verlag und Erscheinungsjahr Frankfurt (Oder) Märkisches Verlags- und Druckhaus GmbH & Co KG
Titel Märkische Oderzeitung
Verknüpfungsangaben 33. Jahrgang (2022) Nr. 132 vom 09.06.2022, S. 13
942 ## - Zusätzliche Felder (Koha)
Koha-Medientyp Aufsätze

Keine Exemplare verfügbar.